000 00811nam a2200253 a 4500
001 BRL_888
005 20190320210936.0
008 231013s1948----mx-a######---#000-0#spa-#
041 _aspa
044 _amx
050 4 _aN910.M35
_b.M66 1948
100 1 _aMontenegro, Roberto
_d1887-1968
_98162
245 1 0 _aMuseo de Artes Populares
_ctextos de Roberto Montenegro.
260 _aMéxico, D.F.
_bEdiciones de arte
_c1948
300 _a64 p.
_bil.
_c16 cm.
440 0 _aColección Anahuac de arte mexicano
_v6
_925243
500 _aej.1 Au1063, ej.2 Au1353
500 _aTexto en: español, inglés, francés e italiano
500 _aLa biblioteca cuenta con 2 ejemplares
610 2 4 _aMuseo de Artes Populares (México)
_925244
650 1 4 _aArte popular
_zMéxico
_9882
902 _aGRL
942 _2lcc
_cB
999 _c9700
_d9700